Tabu search
Saved in:
| Main Author: | |
|---|---|
| Other Authors: | |
| Format: | Book |
| Language: | English |
| Published: |
Boston :
Kluwer Academic Publishers,
1997
|
| Subjects: | |
| Tags: |
Add Tag
No Tags, Be the first to tag this record!
|
MARC
| LEADER | 00000nam a2200000 i 4500 | ||
|---|---|---|---|
| 001 | 1/51302 | ||
| 008 | 070808s1997 eng d | ||
| 020 | |a 0-7923-8187-4 | ||
| 035 | |l 10089684 | ||
| 040 | |a GR-MY-UA |b gre |e aacr | ||
| 041 | 0 | |a eng | |
| 082 | 0 | |a 003.3 |2 (22) | |
| 100 | 1 | |a Glover, Fred. | |
| 245 | 1 | 0 | |a Tabu search / |c Fred Glover, Manuel Laguna |
| 260 | |a Boston : |b Kluwer Academic Publishers, |c 1997 | ||
| 300 | |a xix, 382 σ.; |b εικ.; |c 25 εκ. | ||
| 504 | |a Βιβλιογραφία : σ. [359]-375 . Ευρετήριο | ||
| 650 | 0 | 0 | |a Operations research. |
| 650 | 0 | 0 | |a Mathematical optimization. |
| 650 | 0 | 0 | |a Artificial intelligence. |
| 700 | 1 | |a Laguna, Manuel. | |
| 852 | |a INST |b CHIOS |e 20070808 |h 003.3 GLO |p 005200025804 |q 005200025804 |t BK |y 0 | ||
| 901 | |a BIBL2-2007-2 | ||
| 909 | |a Χ |b 136926 | ||
| 922 | |a 2ΕΛΗ |b 200707 |c ΕΠΕΑΕΚ2/ΤΜΟΔ |d ΠΑΠΑΣΩΤΗΡΙΟΥ | ||
| 970 | |a ΒΑΡΦΗΣ |b ΒΑΓΓΕΛΗΣ |z 2007/08/08 | ||